000
00412nam a2200133Ia 4500
008
151001s9999||||xx |||||||||||||| ||und||
100
_a
श्यामसुंदर मिश्र
245
_a
अवधी साहित्य का इतिहास
250
_a
2
260
_b
"भारत बुक सेंटर, लखनौ "
260
_c
२०१४
300
_a
548
365
_b
21
999
_c
1001649
_d
1001646